Online Catalogue and eLibrary

The emergence of Pakistan (Record no. 3402)

MARC details
000 -LEADER
fixed length control field 00415nam a2200169Ia 4500
005 - DATE AND TIME OF LATEST TRANSACTION
control field 20241120011700.0
008 - FIXED-LENGTH DATA ELEMENTS--GENERAL INFORMATION
fixed length control field 240331s9999 xx 000 0 und d
082 ## - DDC Classification
Item Number - Author Mark ALI
Class No. 900
100 ## - MAIN ENTRY--PERSONAL NAME
Personal name Ali,M.C
245 #4 - TITLE STATEMENT
Title The emergence of Pakistan
260 ## - PUBLICATION, DISTRIBUTION, ETC.
Place of publication, distribution, etc. New York & London
Name of publisher, distributor, etc. Columbia University Press
Date of publication, distribution, etc. 1967
300 ## - PHYSICAL DESCRIPTION
Extent (e.g. Volumes, Pages etc.) ix, 418 p .,
650 ## - SUBJECT ADDED ENTRY--TOPICAL TERM
Topical term or geographic name entry element Social
650 ## - SUBJECT ADDED ENTRY--TOPICAL TERM
Topical term or geographic name entry element Economic
650 ## - SUBJECT ADDED ENTRY--TOPICAL TERM
Topical term or geographic name entry element Political
942 ## - Koha item type (Biblio)
Koha item type Books in Stacks (Lending)
Holdings
Lost status Damaged status Collection code Home library Current library Shelving location Date acquired Full call number Accession Number Item type
    Lending WERC Library WERC Library Social Science Cupboard 03/31/2024 900 ALI 5750 Books in Stacks (Lending)

© WERC Library